| 000 | 00784nam a2200277 a 4500 | ||
|---|---|---|---|
| 999 |
_c8731 _d8731 |
||
| 001 | 8731 | ||
| 003 | BD-JhCC | ||
| 005 | 20181001173832.0 | ||
| 008 | 180301s1960 paua 001 0 eng d | ||
| 035 | _a(BD-JhCC)8731 | ||
| 035 | _a(OCoLC)1201437 | ||
| 040 |
_aBD-JhCC _cGAT _dBD-JhCC _dDLC |
||
| 041 | _aeng | ||
| 050 | 0 | 0 |
_aQA845 _b.D6 |
| 082 |
_a531.3 _bDOW 1960 |
||
| 100 | 1 | _aDowney, Glenn L. | |
| 245 | 1 | 0 |
_aAdvanced dynamics for engineers / _cGlenn L. Downey and Gerald M. Smith. |
| 260 |
_aScranton, _bInternational Textbook Co. _c[1960] |
||
| 300 |
_a354 p. _billus. _c24 cm. |
||
| 504 | _aIncludes Index | ||
| 650 | 0 | _aDynamics. | |
| 650 | 0 | _aElectronic analog computers. | |
| 700 | 1 |
_aSmith, G. M. _q(Gerald M.), |
|
| 942 |
_2ddc _cBK |
||